|
|
|
|
| LEADER |
01410nam a2200421 a 4500 |
| 001 |
nkc20071749137 |
| 003 |
CZ PrNK |
| 005 |
20080129131556.0 |
| 007 |
ta |
| 008 |
070830s2007 xr g 000 f cze |
| 015 |
|
|
|a cnb001749137
|
| 020 |
|
|
|a 978-80-7254-989-4
|q (brož.) :
|c Kč 99,00
|
| 035 |
|
|
|a (OCoLC)190415764
|
| 040 |
|
|
|a ABA001
|b cze
|d OLA001
|
| 072 |
|
7 |
|a 821.162.3-3
|x Česká próza
|2 Konspekt
|9 25
|
| 080 |
|
|
|a 821.162.3-31
|2 MRF
|
| 080 |
|
|
|a (0:82-311.9)
|2 MRF
|
| 100 |
1 |
|
|a Procházka, Jiří Walker,
|d 1959-
|7 ola2002110922
|4 aut
|
| 245 |
1 |
0 |
|a Podhoubí smrti /
|c Jiří W. Procházka
|
| 250 |
|
|
|a Vyd. 1.
|
| 260 |
|
|
|a Praha :
|b Ve spolupráci s EF vydalo nakl. Triton,
|c 2007
|
| 300 |
|
|
|a 159 s. ;
|c 19 cm
|
| 490 |
1 |
|
|a Agent John Francis Kovář ;
|v 11
|
| 490 |
1 |
|
|a Trifid ;
|v sv. č. 222
|
| 500 |
|
|
|a Na obálce: ve světě Miroslava Žambocha & Jiřího W. Procházky
|
| 655 |
|
7 |
|a české romány
|7 fd133974
|2 czenas
|
| 655 |
|
7 |
|a vědecko-fantastické romány
|7 fd133847
|2 czenas
|
| 655 |
|
9 |
|a Czech fiction
|2 eczenas
|
| 655 |
|
9 |
|a science fiction novels
|2 eczenas
|
| 830 |
|
0 |
|a Agent John Francis Kovář
|0 s
|
| 830 |
|
0 |
|a Trifid (Triton)
|0 s
|
| 910 |
2 |
|
|a BOA001
|b 1-1191.263
|
| 928 |
9 |
|
|a Triton
|
| 928 |
9 |
|
|a EF
|
| 990 |
|
|
|a BK
|
| 995 |
|
|
|a 01
|
| 991 |
|
|
|b 200709
|
| 996 |
6 |
|
|b 2610317842
|c 1-1191.263
|l MZK
|r Sklad / do 1 hodiny
|n 0
|p p.v.
|w 000863581
|u 000010
|a 1
|e BOA001
|j MZK50
|s P
|